Sơ thảo đặc điểm khí hậu tỉnh Hậu giang

সংরক্ষণ করুন:
গ্রন্থ-পঞ্জীর বিবরন
সংস্থা লেখক: Đài Khí tượng thủy văn Hậu giang
বিন্যাস: গ্রন্থ
ভাষা:Undetermined
প্রকাশিত: Hậu Giang KHKT 1980
বিষয়গুলি:
ট্যাগগুলো: ট্যাগ যুক্ত করুন
কোনো ট্যাগ নেই, প্রথমজন হিসাবে ট্যাগ করুন!
Thư viện lưu trữ: Trung tâm Học liệu Trường Đại học Cần Thơ
LEADER 00575nam a2200181Ia 4500
001 CTU_3289
008 210402s9999 xx 000 0 und d
082 |a 551.62 
082 |b Đ103 
110 |a Đài Khí tượng thủy văn Hậu giang 
245 0 |a Sơ thảo đặc điểm khí hậu tỉnh Hậu giang 
245 0 |c Đài Khí tượng thủy văn Hậu giang 
260 |a Hậu Giang 
260 |b KHKT 
260 |c 1980 
650 |a Meteorology 
904 |i Minh, 960904 
980 |a Trung tâm Học liệu Trường Đại học Cần Thơ